00443 2200181 4500001002100000005001500021008004100036020002200077035001900099041000700118082001000125090001600135100001900151245001100170260003300181300001800214650002900232INLIS00000000001561420241224114952241224||||||||| | ||| |||| || |  a978-979-033-365-9 0010-1224015614 aid0 a628.5 a628.5 ANN p0 aAnna Lesterlin00aPolusi aJakartabERLANGGA KIDSc2007 a31hlm;15x20cm 0aIlmu Teknik (Enjiniring)